[Event "8e Festival de Vaujany 2017 - principal"]
[Site "?"]
[Date "2017.07.16"]
[Round "4.13"]
[White "Abello, Sebastien"]
[Black "Suez-Panama, Gilles"]
[Result "1-0"]
[WhiteElo "2362"]
[BlackElo "2057"]
[PlyCount "75"]
[EventDate "2017.07.15"]

1. d4 Nf6 2. c4 g6 3. g3 Bg7 4. Bg2 O-O 5. Nc3 d6 6. Nf3 Nc6 7. O-O a6 8. b3
Rb8 9. Nd5 b5 10. Nxf6+ Bxf6 11. Bh6 Re8 12. Rc1 Bd7 13. Qd2 b4 14. d5 Na5 15.
Rfd1 e5 16. dxe6 fxe6 17. c5 d5 18. e4 Bc6 19. e5 Bg7 20. Bxg7 Kxg7 21. Nd4 Qe7
22. Qf4 Rf8 23. Qg4 Rbe8 24. a3 bxa3 25. b4 Ba4 26. bxa5 Bxd1 27. Qxd1 c6 28.
Qa4 Qg5 29. f4 Qd8 30. Qxa3 g5 31. Bh3 gxf4 32. gxf4 Kh8 33. Nxe6 Rg8+ 34. Kh1
Qh4 35. Rf1 Rb8 36. Qc3 Rb2 37. Ng5 Rxg5 38. Qxb2 1-0

[Event "8e Festival de Vaujany 2017 - principal"]
[Site "?"]
[Date "2017.07.16"]
[Round "4.14"]
[White "Gazik, Igor"]
[Black "Soyer, Jean-Yves"]
[Result "1-0"]
[WhiteElo "2273"]
[BlackElo "2057"]
[PlyCount "83"]
[EventDate "2017.07.15"]

1. e4 c5 2. Nf3 d6 3. d4 cxd4 4. Qxd4 Nc6 5. Bb5 Bd7 6. Bxc6 Bxc6 7. Nc3 Nf6 8.
Bg5 e6 9. Qd3 Be7 10. O-O-O Qa5 11. Bd2 Qa6 12. Qxa6 bxa6 13. Rhe1 Ng4 14. Nd4
Bb7 15. Re2 Ne5 16. f3 O-O 17. b3 Rfc8 18. Na4 a5 19. Re3 Nc6 20. Nxc6 Bxc6 21.
Nb2 a4 22. bxa4 d5 23. e5 Bc5 24. Rd3 Rab8 25. Be3 Bxe3+ 26. Rxe3 Rb4 27. Rb3
Rcb8 28. Rd4 R4b6 29. a5 Rb5 30. Nd3 Rc8 31. Rdb4 Rxb4 32. Rxb4 g5 33. Kd2 Kg7
34. a6 Kg6 35. a4 Rc7 36. a5 h5 37. c3 h4 38. h3 Kf5 39. Rb8 Kg6 40. Ke3 Kg7
41. Kd4 Kg6 42. Nc5 1-0

[Event "8e Festival de Vaujany 2017 - principal"]
[Site "?"]
[Date "2017.07.16"]
[Round "4.15"]
[White "Keiman, Clemens"]
[Black "Decrop, Benjamin"]
[Result "0-1"]
[WhiteElo "1836"]
[BlackElo "2177"]
[PlyCount "64"]
[EventDate "2017.07.15"]

1. Nf3 Nf6 2. c4 e6 3. Nc3 d5 4. d4 Bb4 5. Qa4+ Nc6 6. e3 O-O 7. Bd3 dxc4 8.
Bxc4 Bd7 9. Qc2 Bd6 10. e4 e5 11. d5 Nd4 12. Qd3 Nxf3+ 13. Qxf3 h6 14. h3 a6
15. Be3 Qe7 16. O-O Rae8 17. Ne2 Nxe4 18. Qxe4 f5 19. Qc2 f4 20. Bc5 f3 21.
Bxd6 cxd6 22. Ng3 fxg2 23. Kxg2 Qh4 24. Rh1 Rc8 25. b3 b5 26. Rac1 bxc4 27.
bxc4 Rf4 28. Qg6 Rf6 29. Qe4 Rf4 30. Qg6 Rcf8 31. Rc2 Bf5 32. Nxf5 R4xf5 0-1

[Event "8e Festival de Vaujany 2017 - principal"]
[Site "?"]
[Date "2017.07.16"]
[Round "4.16"]
[White "Midoux, Sebastien"]
[Black "Williams, Johann"]
[Result "1/2-1/2"]
[WhiteElo "2339"]
[BlackElo "1951"]
[PlyCount "97"]
[EventDate "2017.07.15"]

1. d4 Nf6 2. c4 g6 3. Nc3 d5 4. cxd5 Nxd5 5. Bd2 Bg7 6. e4 Nxc3 7. Bxc3 c5 8.
d5 Bxc3+ 9. bxc3 O-O 10. Qd2 e6 11. Bc4 a6 12. a4 Qa5 13. Nf3 b5 14. Bb3 c4 15.
Bc2 exd5 16. O-O Bb7 17. exd5 Rd8 18. d6 Qb6 19. Rad1 Nd7 20. Rfe1 Nf6 21. Re5
Rd7 22. Nh4 Re8 23. a5 Qd8 24. f4 Rxe5 25. fxe5 Ng4 26. Qe1 Qxa5 27. Rd4 Qb6
28. h3 Nh6 29. e6 Rxd6 30. e7 Bc6 31. e8=Q+ Bxe8 32. Qxe8+ Kg7 33. Qe5+ Rf6 34.
Nf3 Qe6 35. Qxe6 Rxe6 36. Kf2 Ng8 37. Rd7 Nf6 38. Rd1 h6 39. Rd8 Re7 40. g4 Re6
41. Nd2 a5 42. Rd4 Re5 43. Rd6 Rd5 44. Rxd5 Nxd5 45. Nb1 b4 46. Be4 Nxc3 47.
Nxc3 bxc3 48. Kf3 f5 49. gxf5 1/2-1/2

[Event "8e Festival de Vaujany 2017 - principal"]
[Site "?"]
[Date "2017.07.16"]
[Round "4.17"]
[White "Geher, Laszlo"]
[Black "Pelagatti, Alessandro"]
[Result "1/2-1/2"]
[WhiteElo "1900"]
[BlackElo "2115"]
[PlyCount "59"]
[EventDate "2017.07.15"]

1. e4 e5 2. Nf3 Nc6 3. Bb5 Nf6 4. d3 Bc5 5. O-O d6 6. Nbd2 O-O 7. h3 Ne7 8. Re1
Ng6 9. Nf1 c6 10. Ba4 d5 11. exd5 Nxd5 12. Be3 Nxe3 13. Nxe3 Kh8 14. c3 Qf6 15.
Bc2 Bb6 16. Nh2 Qg5 17. Nf3 Qf4 18. Nh2 Kg8 19. Qh5 Be6 20. g3 Qf6 21. Nhg4
Bxg4 22. Nxg4 Qf3 23. d4 Qd5 24. Bb3 Qb5 25. Nxe5 Rae8 26. g4 Nxe5 27. Rxe5
Rxe5 28. Qxe5 Qd3 29. Kg2 Qd2 30. Rb1 1/2-1/2

[Event "8e Festival de Vaujany 2017 - principal"]
[Site "?"]
[Date "2017.07.16"]
[Round "4.18"]
[White "Montagard, Guillaume"]
[Black "Kantzer, Romain"]
[Result "1-0"]
[WhiteElo "2084"]
[BlackElo "1846"]
[PlyCount "81"]
[EventDate "2017.07.15"]

1. Nf3 Nf6 2. g3 g6 3. Bg2 Bg7 4. d3 O-O 5. e4 d5 6. Nbd2 Bg4 7. h3 Bxf3 8.
Qxf3 Nc6 9. exd5 Nd4 10. Qd1 Nxd5 11. c3 Nc6 12. O-O e5 13. Ne4 Qe7 14. Bg5 f6
15. Qb3 fxg5 16. Qxd5+ Kh8 17. b4 Nd8 18. a4 c6 19. Qc5 Qxc5 20. bxc5 Ne6 21.
Rab1 Rab8 22. Rb4 Rfd8 23. Nd6 Kg8 24. Rxb7 Rxb7 25. Nxb7 Rxd3 26. Bxc6 Nd8 27.
Be4 Nxb7 28. Bxd3 Nxc5 29. Bb5 e4 30. c4 Bd4 31. Re1 Kf7 32. Bc6 Kf6 33. Bxe4
Nxa4 34. Kg2 Nc3 35. Bc2 Kf7 36. Kf3 Kg8 37. Re6 Kg7 38. Rd6 Bc5 39. Rd3 Na2
40. Rd5 Bb6 41. c5 1-0

[Event "8e Festival de Vaujany 2017 - principal"]
[Site "?"]
[Date "2017.07.16"]
[Round "4.21"]
[White "Virag, Balint"]
[Black "Da Ces, Philippe"]
[Result "1/2-1/2"]
[WhiteElo "1922"]
[BlackElo "2019"]
[PlyCount "104"]

1. e4 d5 2. exd5 Qxd5 3. Nc3 Qa5 4. d4 Nf6 5. Bc4 Bg4 6. Nge2 Nbd7 7. Bd2 Qb6
8. O-O e6 9. Bb3 c6 10. Be3 Qc7 11. h3 Bf5 12. Re1 Bd6 13. Qd2 O-O 14. Bf4 a6
15. Bxd6 Qxd6 16. Nf4 Rfe8 17. Rad1 Rad8 18. Qe3 Nb6 19. Qf3 Nbd5 20. Ncxd5
cxd5 21. c3 Rc8 22. Re2 Be4 23. Qg3 b5 24. Nxd5 Qxg3 25. Nxf6+ gxf6 26. fxg3 f5
27. Kf2 Red8 28. Red2 Bd5 29. Bxd5 Rxd5 30. Re1 Rcd8 31. Rde2 Kg7 32. Re5 Kf6
33. Rxd5 Rxd5 34. Re3 Rd8 35. Re5 Rc8 36. Rc5 Rxc5 37. dxc5 Ke5 38. Kf3 Kd5 39.
b4 e5 40. g4 fxg4+ 41. Kxg4 a5 42. Kf3 axb4 43. cxb4 f5 44. g4 e4+ 45. Ke3 f4+
46. Kxf4 Kd4 47. c6 e3 48. c7 e2 49. c8=Q e1=Q 50. Qc5+ Kd3 51. Qxb5+ Kc2 52.
Qc5+ Kb2 1/2-1/2

[Event "8e Festival de Vaujany 2017 - principal"]
[Site "?"]
[Date "2017.07.16"]
[Round "4.22"]
[White "Birovecz, Ben Jordan"]
[Black "Guillaumat, Jean-Pierre"]
[Result "1/2-1/2"]
[WhiteElo "1981"]
[BlackElo "1727"]
[PlyCount "130"]
[EventDate "2017.07.15"]

1. e4 c5 2. Nf3 e6 3. d4 cxd4 4. Nxd4 Nf6 5. Bd3 Nc6 6. Nxc6 dxc6 7. O-O e5 8.
Qe2 Bc5 9. Kh1 Bg4 10. f3 Bh5 11. Nd2 O-O 12. Nc4 Qc7 13. Bg5 Nd7 14. Rad1 f6
15. Be3 Rad8 16. c3 b5 17. Bxc5 Nxc5 18. Ne3 Nxd3 19. Rxd3 Rxd3 20. Qxd3 Rd8
21. Qe2 Bf7 22. b3 Be6 23. Rd1 a6 24. Rd2 Kf7 25. Kg1 Rd6 26. Qd1 Rxd2 27. Qxd2
Ke7 28. Kf2 Qb6 29. Ke2 Qc5 30. Qd3 Qa3 31. Qd2 Qc5 32. Qd3 Qa3 33. Qd2 Qc5 34.
b4 Qb6 35. g3 Qd8 36. Qxd8+ Kxd8 37. a3 Kd7 38. Kd3 Kd6 39. c4 Kd7 40. f4 Kd6
41. c5+ Ke7 42. Ke2 Bd7 43. Kf3 Kf7 44. h4 h5 45. f5 Ke7 46. g4 hxg4+ 47. Kxg4
Be8 48. Nf1 Kf8 49. Nd2 Bf7 50. Nf1 Bb3 51. Ne3 Kg8 52. Kg3 Kf8 53. Kg4 Ke7 54.
Kg3 Bf7 55. Kg4 Bb3 56. Kf3 Bf7 57. Nf1 Bb3 58. Nd2 Bf7 59. Kg4 Kf8 60. Nf1 Bb3
61. Ne3 Bf7 62. h5 Ke7 63. Kh4 Bb3 64. Ng4 Bc2 65. Nf2 Kf7 1/2-1/2

[Event "8e Festival de Vaujany 2017 - principal"]
[Site "?"]
[Date "2017.07.16"]
[Round "4.23"]
[White "Bohli, Adam"]
[Black "Geher, Koppany"]
[Result "1/2-1/2"]
[WhiteElo "1815"]
[BlackElo "1973"]
[PlyCount "73"]
[EventDate "2017.07.15"]

1. c3 Nf6 2. Nf3 g6 3. d4 Bg7 4. Nbd2 d5 5. g3 O-O 6. Bg2 c5 7. O-O cxd4 8.
cxd4 Nc6 9. e3 Bf5 10. a3 Qb6 11. Nb1 Ne4 12. Nbd2 Rfd8 13. Qb3 Qxb3 14. Nxb3
a5 15. Nbd2 Nd6 16. b3 Rdc8 17. Bb2 a4 18. b4 Na7 19. Rfc1 Nab5 20. Ne5 Bxe5
21. dxe5 Ne4 22. Nxe4 Bxe4 23. Bxe4 dxe4 24. Kf1 Kf8 25. Ke1 Ke8 26. Ke2 e6 27.
Rc5 Rxc5 28. bxc5 Rc8 29. Bd4 Kd7 30. Rb1 Kc6 31. Rb4 Ra8 32. Bb2 Kxc5 33. Rxe4
b6 34. Rf4 Ra7 35. Kd3 Rd7+ 36. Kc2 Ra7 37. Kd3 1/2-1/2

[Event "8e Festival de Vaujany 2017 - principal"]
[Site "?"]
[Date "2017.07.16"]
[Round "4.24"]
[White "Patole, Noam"]
[Black "Boghossian, Pierre"]
[Result "1-0"]
[WhiteElo "1778"]
[BlackElo "1948"]
[PlyCount "87"]
[EventDate "2017.07.15"]

1. e4 c5 2. Nf3 a6 3. c4 Nc6 4. Nc3 e6 5. Be2 Qc7 6. O-O Nf6 7. h3 Nd4 8. d3
Be7 9. Be3 Nc6 10. Qd2 O-O 11. Nh2 d6 12. f4 Rb8 13. a4 Nd4 14. Bxd4 cxd4 15.
Na2 d5 16. e5 Nd7 17. cxd5 exd5 18. Rac1 Qb6 19. Ng4 Qb3 20. f5 f6 21. exf6
Nxf6 22. Qc2 Qxc2 23. Rxc2 Nxg4 24. hxg4 Bd6 25. Bf3 Bd7 26. Bxd5+ Kh8 27. b3
Rfe8 28. Nc1 Re5 29. Be4 b5 30. axb5 Bxb5 31. g5 g6 32. fxg6 hxg6 33. Rf6 Be7
34. Rxg6 Rxg5 35. Rh6+ Kg7 36. Rh7+ Kf6 37. Rf2+ Ke6 38. Ne2 Bc5 39. Nf4+ Ke5
40. Nh3 Rg4 41. Rf5+ Ke6 42. Rxc5 Rg3 43. Nf4+ Kd6 44. Rd5+ 1-0

[Event "8e Festival de Vaujany 2017 - principal"]
[Site "?"]
[Date "2017.07.17"]
[Round "5.1"]
[White "Bauer, Christian"]
[Black "Lagarde, Maxime"]
[Result "1/2-1/2"]
[WhiteElo "2639"]
[BlackElo "2609"]
[PlyCount "123"]
[EventDate "2017.07.15"]

1. d4 Nf6 2. Bf4 e6 3. e3 c5 4. Nf3 Nc6 5. Nc3 Qa5 6. Nd2 cxd4 7. Nc4 dxc3 8.
Nxa5 cxb2 9. Nxc6 bxa1=Q 10. Qxa1 bxc6 11. Be2 Bb4+ 12. c3 Bc5 13. Be5 d6 14.
Bd4 Bb6 15. Bf3 Rb8 16. c4 Ke7 17. O-O c5 18. Bc3 Ba6 19. Rc1 Rhd8 20. a4 Bc7
21. a5 e5 22. Qa4 Bc8 23. h3 Be6 24. Rd1 Bd7 25. Bc6 Be6 26. f4 exf4 27. exf4
Nh5 28. f5 Ng3 29. f6+ gxf6 30. Bf3 f5 31. Qa1 Ne4 32. Bxe4 fxe4 33. Bf6+ Ke8
34. Bxd8 Kxd8 35. Qh8+ Kd7 36. Qxh7 Bxc4 37. Qxe4 Be6 38. Qa4+ Kd8 39. Qc6 Rc8
40. Qb7 Bb8 41. Rd3 d5 42. Rxd5+ Bxd5 43. Qxd5+ Ke7 44. Qb7+ Kd8 45. Qxf7 c4
46. Qf6+ Kd7 47. Qc3 Rc5 48. Kf2 Be5 49. Qb4 Kc6 50. Ke2 c3 51. Kd1 c2+ 52. Kc1
Bc7 53. a6 Ba5 54. Qb7+ Kd6 55. Qb2 Kd5 56. h4 Bb6 57. Qa3 Rc4 58. h5 Bd4 59.
Qb3 Kc5 60. Qa3+ Kd5 61. Qb3 Kc5 62. Qa3+ 1/2-1/2

[Event "8e Festival de Vaujany 2017 - principal"]
[Site "?"]
[Date "2017.07.17"]
[Round "5.2"]
[White "Van Osch, Mees"]
[Black "Maiorov, Nikita"]
[Result "1/2-1/2"]
[WhiteElo "2316"]
[BlackElo "2531"]
[PlyCount "56"]
[EventDate "2017.07.15"]

1. e4 e5 2. Nf3 Nc6 3. Nc3 Nf6 4. d4 exd4 5. Nxd4 Bb4 6. Nxc6 bxc6 7. Bd3 O-O
8. O-O d5 9. exd5 cxd5 10. h3 Rb8 11. Qf3 Be7 12. b3 Bb7 13. Bf4 Bb4 14. Nb5
Ba5 15. Nd4 Ne4 16. Bxe4 dxe4 17. Qe3 Qd7 18. Rfd1 Rbd8 19. Qg3 Kh8 20. Qg5 Bc3
21. Nb5 Bxa1 22. Rxd7 Rxd7 23. Qc5 Rg8 24. c3 Rd5 25. Qc4 a6 26. Nd4 c5 27. Nc2
Bb2 28. Ne3 Rd7 1/2-1/2

[Event "8e Festival de Vaujany 2017 - principal"]
[Site "?"]
[Date "2017.07.17"]
[Round "5.3"]
[White "Horvath, Jozsef"]
[Black "Collas, Didier"]
[Result "1/2-1/2"]
[WhiteElo "2541"]
[BlackElo "2376"]
[PlyCount "101"]
[EventDate "2017.07.15"]

1. Nf3 d5 2. e3 c5 3. b3 Nf6 4. Bb2 e6 5. c4 Nc6 6. cxd5 exd5 7. d4 cxd4 8.
Nxd4 Bb4+ 9. Bc3 Qa5 10. Qd2 Bxc3 11. Nxc3 Nxd4 12. Qxd4 O-O 13. Bd3 Bd7 14.
O-O Rfc8 15. Rac1 Qc5 16. Qh4 Qa5 17. Qd4 Qc5 18. Qxc5 Rxc5 19. Ne2 Rac8 20.
Rxc5 Rxc5 21. Nd4 Kf8 22. f3 h5 23. h4 Ke7 24. Kf2 g6 25. Ke2 Ne8 26. Kd2 Ng7
27. b4 Rc8 28. Rc1 Rxc1 29. Kxc1 Ne6 30. Nxe6 Kxe6 31. Kd2 Ke5 32. a3 b6 33. g3
Be8 34. Kc3 Bd7 35. Bf1 Ba4 36. Bg2 Bb5 37. f4+ Ke6 38. Kd4 Bc6 39. Bh3+ f5 40.
Bf1 Kd6 41. Ba6 Ke6 42. Kd3 Kd6 43. Kc3 Ke7 44. b5 Bd7 45. Kd4 Ke6 46. a4 Kd6
47. Bb7 Be6 48. Ba8 Bg8 49. Bc6 Bf7 50. Bb7 Be6 51. Bc6 1/2-1/2

[Event "8e Festival de Vaujany 2017 - principal"]
[Site "?"]
[Date "2017.07.17"]
[Round "5.4"]
[White "Olivier, JC."]
[Black "Van Foreest, L."]
[Result "0-1"]
[WhiteElo "2353"]
[BlackElo "2473"]
[PlyCount "80"]
[EventDate "2017.07.15"]

1. e4 e6 2. d4 d5 3. Nc3 Bb4 4. exd5 exd5 5. Bd3 Nf6 6. Nge2 O-O 7. O-O c6 8.
Bg5 Nbd7 9. Ng3 h6 10. Bf4 Re8 11. a3 Bxc3 12. bxc3 Nb6 13. h3 Be6 14. Rb1 Qe7
15. Qf3 Nh7 16. Nh5 Qh4 17. Bg3 Qe7 18. Be5 f6 19. Bf4 Ng5 20. Qg3 Qf7 21. Qh4
Nxh3+ 22. gxh3 g5 23. Qg3 Qxh5 24. Kh2 Re7 25. Rfe1 Rae8 26. Bd6 Rd7 27. Bc5
Nc8 28. a4 b6 29. Ba3 Rg7 30. Be2 Qf7 31. Bf1 Ne7 32. Qc7 Ng6 33. Qxc6 Nf4 34.
Bc1 Bd7 35. Rxe8+ Qxe8 36. Qxf6 Rf7 37. Qe5 Re7 38. Qc7 Re1 39. Bb5 Rh1+ 40.
Kg3 Rxh3# 0-1

[Event "8e Festival de Vaujany 2017 - principal"]
[Site "Vaujany"]
[Date "2017.07.17"]
[Round "5.5"]
[White "Gazik, Viktor"]
[Black "Pierecker, Markus"]
[Result "1-0"]
[WhiteElo "2462"]
[BlackElo "2179"]
[PlyCount "53"]
[EventDate "2017.07.13"]
[EventRounds "9"]
[EventCountry "FRA"]

1. e4 c5 2. Nf3 e6 3. d3 Nc6 4. g3 d5 5. Nbd2 Nf6 6. Bg2 Be7 7. O-O O-O 8. Re1
b6 9. e5 Nd7 10. Nf1 a5 11. h4 a4 12. a3 Ba6 13. N1h2 Qc7 14. Bf4 c4 15. dxc4
Bxc4 16. Ng4 Rfc8 17. Ng5 h6 18. Nxf7 Kxf7 19. Nxh6+ gxh6 20. Qh5+ Kg7 21.
Bxh6+ Kh7 (21... Kh8) 22. Re4 Ncxe5 23. Bf4+ Kg7 (23... Kg8 24. Rxe5 Nxe5 25.
Bxe5 Bd6 26. Qg6+ Kf8 27. Qf6+ Qf7 28. Bxd6+ Ke8 29. Qd4 $18) 24. Rxe5 Qc6 25.
Bh6+ Kf6 26. Bg5+ Kxe5 27. Bxe7+ 1-0

[Event "8e Festival de Vaujany 2017 - principal"]
[Site "?"]
[Date "2017.07.17"]
[Round "5.6"]
[White "Collas, Silvia"]
[Black "Loiseau, Quentin"]
[Result "0-1"]
[WhiteElo "2296"]
[BlackElo "2424"]
[PlyCount "80"]
[EventDate "2017.07.15"]

1. c4 c6 2. Nf3 d5 3. d4 Nf6 4. g3 dxc4 5. Bg2 g6 6. O-O Bg7 7. Qc2 b5 8. Ne5
O-O 9. b3 Bf5 10. Qb2 cxb3 11. axb3 Ng4 12. Bf4 Qb6 13. Rc1 Bxe5 14. Bxe5 Nxe5
15. dxe5 Rc8 16. Nd2 Nd7 17. e4 Be6 18. Nf3 Nc5 19. Rxc5 Qxc5 20. b4 Qb6 21.
Qd2 Kg7 22. h4 c5 23. h5 cxb4 24. Ng5 b3 25. h6+ Kg8 26. Qf4 b2 27. Rf1 Rc2 28.
Bh3 Rf8 29. Bf5 Rxf2 30. Qxf2 Qxf2+ 31. Kxf2 Ba2 32. Bd7 b1=Q 33. Rxb1 Bxb1 34.
Bxb5 Rb8 35. Bc4 Ba2 36. Bxa2 Rb2+ 37. Ke3 Rxa2 38. e6 f6 39. Nf7 Ra6 40. Nd8
Rd6 0-1

[Event "8e Festival de Vaujany 2017 - principal"]
[Site "Vaujany"]
[Date "2017.07.17"]
[Round "5.7"]
[White "Brunner, Nicolas"]
[Black "Gazik, Igor"]
[Result "1-0"]
[WhiteElo "2480"]
[BlackElo "2273"]
[PlyCount "67"]
[EventDate "2017.07.13"]
[EventRounds "9"]
[EventCountry "FRA"]

1. d4 Nf6 2. c4 g6 3. Nc3 Bg7 4. e4 d6 5. Nf3 O-O 6. Be2 e5 7. O-O Nc6 8. d5
Ne7 9. b4 a5 10. Ba3 axb4 11. Bxb4 Nd7 12. a4 Bh6 13. a5 f5 14. Bd3 Nf6 15. c5
fxe4 16. cxd6 cxd6 17. Nxe4 Nxe4 18. Bxe4 Bf5 19. Re1 Qd7 20. Qd3 Kh8 21. Qa3
Bxe4 22. Rxe4 Ra6 23. Nxe5 Qf5 24. f3 Nxd5 25. Bxd6 Rc8 26. Ng4 Bg7 27. Be5 Nf6
28. Rf4 Qd7 29. Nxf6 Qd2 30. Ne4 Bxe5 31. Rf8+ Kg7 32. Qe7+ Kh6 33. Nxd2 Bd4+
34. Kf1 1-0

[Event "8e Festival de Vaujany 2017 - principal"]
[Site "?"]
[Date "2017.07.17"]
[Round "5.8"]
[White "Godart, Francois"]
[Black "Gedajlovic, Max"]
[Result "1/2-1/2"]
[WhiteElo "2411"]
[BlackElo "2324"]
[Annotator "Godart,François"]
[PlyCount "72"]
[EventDate "2017.07.15"]

1. d4 Nf6 2. Nf3 g6 3. c4 Bg7 4. g3 O-O 5. Bg2 c6 6. Nc3 d5 7. Qb3 dxc4 8. Qxc4
b5 9. Qb3 Be6 10. Qc2 Qb6 (10... Na6 11. O-O) 11. O-O Na6 12. Ng5 (12. e4 Nb4 (
12... Rac8 13. Bf4 Rfd8 14. Rac1 Bg4) 13. Qb1 c5 14. dxc5 Qxc5 15. Be3) 12...
Bd7 13. Rd1 Rac8 14. a4 Qa5 15. Nce4 Nxe4 16. Nxe4 (16. Qxe4 Rfe8 17. Qh4 h6 (
17... h5 18. Qf4 Rf8 19. Qe3 Rfe8 20. Qb3 Rf8 21. Be4 Qb4 22. Qxb4 Nxb4 23. Bd2
a5 24. axb5 cxb5 25. e3) 18. Nf3 h5 19. Ne5 Bxe5 20. dxe5 Bg4 21. Bg5 b4 22. h3
Bxe2 23. Rd2 Bc4) 16... Bf5 17. Bg5 b4 18. Qc1 Bxe4 19. Bxe4 e5 20. Bh6 exd4
21. Bxg7 Kxg7 22. Rxd4 (22. Qc4 Nc5 23. Rxd4 Nxe4 24. Rxe4 c5) 22... Qe5 23.
Qc4 Nc5 24. f4 Qe7 25. Qxb4 Rb8 26. Qc3 Rb3 27. Qc2 Re3 28. Bd3 Rxg3+ 29. hxg3
Qe3+ 30. Kg2 Qxd4 31. Rc1 Qd5+ 32. Kh2 Nxd3 33. Qxd3 Rb8 34. Kg1 Qxd3 35. exd3
Rxb2 36. Rxc6 Rd2 1/2-1/2

[Event "8e Festival de Vaujany 2017 - principal"]
[Site "?"]
[Date "2017.07.17"]
[Round "5.9"]
[White "Ratsma, Rosa"]
[Black "Skomorokhin, Roman"]
[Result "0-1"]
[WhiteElo "2194"]
[BlackElo "2390"]
[PlyCount "104"]
[EventDate "2017.07.15"]

1. e4 d6 2. d4 Nf6 3. Nc3 e5 4. Nge2 Nbd7 5. f3 c6 6. Be3 b5 7. a3 Be7 8. g4
O-O 9. Qd2 Nb6 10. Ng3 a5 11. dxe5 dxe5 12. Qf2 Rb8 13. Rd1 Nfd7 14. Nf5 b4 15.
Nb1 bxa3 16. bxa3 Na4 17. Be2 Bc5 18. Bxc5 Naxc5 19. O-O Ne6 20. Bc4 Nf4 21.
Kh1 Qc7 22. Qh4 Nb6 23. Ba2 Be6 24. Qg5 Ng6 25. Bxe6 fxe6 26. Ne3 Rf6 27. Nd2
Rbf8 28. Qh5 Qe7 29. g5 Rf4 30. Ng2 R4f7 31. Qg4 Nf4 32. Nxf4 Rxf4 33. Qh3 Re8
34. Rb1 Qc5 35. Qg2 Nd7 36. Nb3 Qxa3 37. Ra1 Qd6 38. Rxa5 Nf8 39. Qd2 Qc7 40.
Qc3 Ng6 41. Ra6 Qe7 42. Qxc6 Rff8 43. Rg1 Rc8 44. Qb6 Rxf3 45. Ra7 Qf8 46.
Qxe6+ Kh8 47. Na1 Rf1 48. Qg4 Rxg1+ 49. Kxg1 Qc5+ 50. Kg2 Rf8 51. Rd7 Rf2+ 52.
Kh3 Nf4+ 0-1

[Event "8e Festival de Vaujany 2017 - principal"]
[Site "?"]
[Date "2017.07.17"]
[Round "5.10"]
[White "Piceu, Tom"]
[Black "Dudognon, Thibault"]
[Result "0-1"]
[WhiteElo "2378"]
[BlackElo "2201"]
[PlyCount "46"]
[EventDate "2017.07.15"]

1. d4 d5 2. c4 c6 3. Nc3 Nf6 4. Nf3 dxc4 5. e4 b5 6. Be2 h6 7. O-O e6 8. b3 Bb4
9. e5 Bxc3 10. exf6 Bxa1 11. fxg7 Rg8 12. Bxh6 Qf6 13. Qd2 c3 14. Qe3 Bb2 15.
Ne5 Rxg7 16. Bxg7 Qxg7 17. Qe4 a6 18. Bh5 Ra7 19. Qf4 c2 20. Nd3 Qxd4 21. Qxb8
Qxd3 22. Qxc8+ Ke7 23. Qxc6 Qxf1+ 0-1

[Event "8e Festival de Vaujany 2017 - principal"]
[Site "?"]
[Date "2017.07.17"]
[Round "5.11"]
[White "Decrop, Benjamin"]
[Black "Abello, Sebastien"]
[Result "1/2-1/2"]
[WhiteElo "2177"]
[BlackElo "2362"]
[PlyCount "88"]
[EventDate "2017.07.15"]

1. e4 e6 2. d4 d5 3. Nd2 c5 4. exd5 exd5 5. Ngf3 a6 6. Be2 c4 7. O-O Bd6 8. Re1
Ne7 9. c3 O-O 10. b3 cxb3 11. axb3 Nbc6 12. Nf1 Ng6 13. Ne3 Be6 14. Bf1 Qf6 15.
g3 h6 16. Ba3 Bxa3 17. Rxa3 Rac8 18. Nd2 Nge7 19. Qa1 Nf5 20. Bg2 Rfd8 21. Nxf5
Bxf5 22. Nf1 Qg6 23. Ne3 Be4 24. Qb2 Bxg2 25. Nxg2 Na7 26. Raa1 Qc6 27. Rac1
Nb5 28. Nf4 Nxc3 29. Re3 Na4 30. Rxc6 Nxb2 31. Rxc8 Rxc8 32. Re7 Rc1+ 33. Kg2
Rd1 34. Rxb7 Rxd4 35. Rd7 Rb4 36. Rxd5 g5 37. Nd3 Rxb3 38. Nxb2 Rxb2 39. Rd6 a5
40. Rxh6 Kf8 41. Ra6 Ra2 42. Kf3 Ra4 43. h4 gxh4 44. gxh4 Rxh4 1/2-1/2

[Event "8e Festival de Vaujany 2017 - principal"]
[Site "?"]
[Date "2017.07.17"]
[Round "5.12"]
[White "Joie, Sebastien"]
[Black "Degeorges, Mathis"]
[Result "0-1"]
[WhiteElo "2376"]
[BlackElo "2061"]
[PlyCount "70"]
[EventDate "2017.07.15"]

1. Nf3 c5 2. e4 e6 3. d4 cxd4 4. Nxd4 Nf6 5. Nc3 Bb4 6. Be2 Nxe4 7. O-O Nxc3 8.
bxc3 Be7 9. Nb5 d6 10. Ba3 d5 11. Qd4 O-O 12. Bxe7 Qxe7 13. Nxa7 Nc6 14. Nxc6
bxc6 15. f4 Ba6 16. Bd3 Qa7 17. Rfb1 Qxd4+ 18. cxd4 Bxd3 19. cxd3 Ra3 20. Rb6
Rfa8 21. Rxc6 g6 22. Kf2 Rxd3 23. a4 Rxd4 24. a5 Rxf4+ 25. Ke3 Rb4 26. a6 Ra7
27. Kd3 Kf8 28. Kc3 Rb5 29. Kd4 Ke7 30. Rac1 Kd7 31. Ke5 Ra5 32. Rd6+ Ke7 33.
Rb6 Ra4 34. Rb7+ Rxb7 35. axb7 f6# 0-1

[Event "8e Festival de Vaujany 2017 - principal"]
[Site "?"]
[Date "2017.07.17"]
[Round "5.14"]
[White "Frederic, Clement"]
[Black "Patole, Noam"]
[Result "1-0"]
[WhiteElo "2198"]
[BlackElo "1778"]
[PlyCount "127"]
[EventDate "2017.07.15"]

1. e4 e5 2. Nf3 Nc6 3. Nc3 Nf6 4. Bb5 Bc5 5. Nxe5 Nxe5 6. d4 c6 7. dxe5 cxb5 8.
exf6 Qxf6 9. O-O O-O 10. Nxb5 b6 11. Nc7 Rb8 12. Nd5 Qe6 13. Bf4 Ra8 14. Qf3
Bd6 15. Bxd6 Qxd6 16. e5 Qxe5 17. Rfe1 Qb8 18. Qc3 Qd6 19. Ne7+ Kh8 20. Qxg7+
Kxg7 21. Nf5+ Kg8 22. Nxd6 Ba6 23. Re7 Rad8 24. Rae1 f5 25. R7e5 Rf6 26. Nxf5
Rdf8 27. Ne7+ Kg7 28. f3 d6 29. Rg5+ Kh8 30. Nd5 Rf5 31. Rxf5 Rxf5 32. Nb4 Bb5
33. c3 Re5 34. Rxe5 dxe5 35. Kf2 Kg7 36. Ke3 Kf7 37. b3 Ke6 38. c4 Be8 39. Nd5
Bg6 40. Nc7+ Kd7 41. Nb5 a6 42. Nc3 Kd6 43. Ne4+ Ke6 44. g3 h6 45. Nc3 Kd6 46.
Ne4+ Ke6 47. a3 Be8 48. f4 Bc6 49. Nc3 h5 50. Nd5 b5 51. Nc7+ Kf5 52. fxe5 bxc4
53. bxc4 Kxe5 54. Nxa6 Kf5 55. Nb4 Ba4 56. Nd3 h4 57. gxh4 Kg4 58. Nf2+ Kxh4
59. Kf4 Kh5 60. Kf5 Bc2+ 61. Kf6 Ba4 62. c5 Kh4 63. Ke5 Kg5 64. Kd6 1-0

[Event "8e Festival de Vaujany 2017 - principal"]
[Site "?"]
[Date "2017.07.17"]
[Round "5.15"]
[White "Bandet, Raphael"]
[Black "Virag, Balint"]
[Result "1-0"]
[WhiteElo "2179"]
[BlackElo "1922"]
[PlyCount "165"]
[EventDate "2017.07.15"]

1. e4 e5 2. Nf3 Nc6 3. Bc4 Nf6 4. d3 Be7 5. Nbd2 O-O 6. Nf1 d6 7. Ng3 Na5 8.
Bg5 Nxc4 9. dxc4 Be6 10. b3 h6 11. Be3 Nd7 12. Qd3 a5 13. a4 Bf6 14. h3 Re8 15.
Rd1 Qe7 16. Qc3 b6 17. O-O Kh7 18. Ne2 Rg8 19. Kh2 g5 20. g4 Nf8 21. Rh1 Ng6
22. Rdg1 Kg7 23. Kg2 Nf4+ 24. Kf1 Kf8 25. Ng3 Ke8 26. Ke1 Kd7 27. Nd2 Kc6 28.
Ndf1 Kb7 29. Bc1 Qe8 30. Ne3 Qc6 31. Qd2 Rad8 32. f3 Rh8 33. Nef5 Qc5 34. Qe3
Qxe3+ 35. Bxe3 Ra8 36. h4 Rag8 37. Rh2 Kb8 38. Rgh1 gxh4 39. Bxf4 hxg3 40. Bxg3
Bxf5 41. exf5 Bg5 42. Ke2 Rg7 43. Bh4 Rhg8 44. Bxg5 hxg5 45. Rh7 Kc8 46. Ke3 f6
47. R7h6 Rf7 48. Rg6 Rgf8 49. c3 Kd7 50. b4 axb4 51. cxb4 Ra8 52. Rhh6 Ke7 53.
Kd3 Rxa4 54. b5 Ra3+ 55. Ke4 Ra1 56. Kd5 Rc1 57. Rg8 Kd7 58. Rhh8 Rd1+ 59. Ke4
d5+ 60. cxd5 Rd4+ 61. Ke3 Kd6 62. Re8 Rxd5 63. Rh6 Kc5 64. Re6 Rd6 65. Ke4 c6
66. Rh8 Rd4+ 67. Ke3 Kxb5 68. Rc8 Rfd7 69. Rcxc6 Rd2 70. Rxb6+ Ka4 71. Rxf6
R7d3+ 72. Ke4 Rd7 73. Ra6+ Kb4 74. Rfb6+ Kc4 75. Rc6+ Kb5 76. Rab6+ Ka5 77.
Kxe5 Rf7 78. Ke6 Rf8 79. f6 Re8+ 80. Kf7 Re3 81. Rb8 Rd7+ 82. Kg6 Rxf3 83. Rc1
1-0